|
|
|
|
| LEADER |
00000naa2a2200000 4500 |
| 001 |
96750 |
| 005 |
20231031110650.0 |
| 035 |
|
|
|a (RuTPU)RU\TPU\book\103606
|
| 090 |
|
|
|a 96750
|
| 100 |
|
|
|a 20060518d1988 k y0rusy50 ca
|
| 101 |
0 |
|
|a rus
|
| 102 |
|
|
|a RU
|
| 200 |
1 |
|
|a Проблемы и пути повышения качества подготовки специалистов геологического профиля при заочной форме обучения
|f В. Г. Храменков [и др.]
|
| 461 |
|
1 |
|0 (RuTPU)RU\TPU\book\256778
|t Оценка и управление качеством подготовки специалистов как фактор интенсификации учебного процесса
|o тезисы докладов Республиканской научно-методической конференции по вопросам оценки и управления качеством подготовки специалистов, Томск, 1988 г.
|f Томский политехнический институт (ТПИ) ; под ред. И. П. Чучалина
|d 1988-
|
| 463 |
|
1 |
|0 (RuTPU)RU\TPU\book\103468
|t Вып. 2
|v С. 20
|d 1988
|p 98 с.
|
| 610 |
1 |
|
|a высшее образование
|
| 610 |
1 |
|
|a студенты
|
| 610 |
1 |
|
|a качество подготовки
|
| 610 |
1 |
|
|a повышение
|
| 610 |
1 |
|
|a геологическое образование
|
| 610 |
1 |
|
|a заочное обучение
|
| 610 |
1 |
|
|a труды учёных ТПУ
|
| 686 |
|
|
|a Ч 481
|v LBC/SL-A
|2 rubbk
|
| 701 |
|
1 |
|a Храменков
|b В. Г.
|c горный инженер
|c доцент Томского политехнического университета, кандидат технических наук
|f 1936-
|g Владимир Григорьевич
|2 stltpush
|3 (RuTPU)RU\TPU\pers\26130
|
| 701 |
|
1 |
|a Михаевич
|b Е. П.
|c специалист в области машиностроения
|c доцент Томского политехнического университета, кандидат технических наук
|f 1940-
|g Евгений Петрович
|2 stltpush
|3 (RuTPU)RU\TPU\pers\27366
|
| 701 |
|
1 |
|a Кленина
|b В. Е.
|
| 701 |
|
1 |
|a Брылин
|b В. И.
|c горный инженер, специалист в области бурения скважин
|c доцент Томского политехнического университета, кандидат технических наук
|f 1940-
|g Владимир Иванович
|2 stltpush
|3 (RuTPU)RU\TPU\pers\26274
|
| 801 |
|
1 |
|a RU
|b 63413507
|c 20060518
|g PSBO
|
| 801 |
|
2 |
|a RU
|b 63413507
|c 20220208
|g PSBO
|
| 942 |
|
|
|c BK
|